| 000 | 00799nam a2200241 a 4500 | ||
|---|---|---|---|
| 001 | BRCA_4815 | ||
| 005 | 20190320204822.0 | ||
| 008 | 050401s2004 sp-######b---#001-0#spa-# | ||
| 020 | _a8488333986 | ||
| 041 | _aspa | ||
| 044 | _asp | ||
| 050 | 4 |
_aPQ6351 _b.D54 2004 |
|
| 100 | 1 |
_aDíez Fernández, J. Ignacio _912203 |
|
| 245 | 1 | 0 |
_aTres discursos de mujeres (poética y hermenéutica cervantinas) _cJ. Ignacio Díez Fernández. |
| 260 |
_aEspaña _bCentro de Estudios Cervantinos _c2004 |
||
| 300 |
_a277 p. _c22 cm. |
||
| 440 | 0 |
_aBiblioteca de Estudios Cervantinos _v15 _912204 |
|
| 500 | _aIncluye índice onomástico | ||
| 504 | _aBibliografía: p. [251]-265 | ||
| 600 | 1 | 4 |
_aCervantes Saavedra, Miguel de _d1547-1616 _xCrítica e interpretación _912205 |
| 902 | _aCERV | ||
| 942 |
_2lcc _cB |
||
| 999 |
_c4511 _d4511 |
||